Critical incidents in management : (Record no. 13941)

000 -LEADER
fixed length control field 00497pam a2200181 a 4500
020 ## - INTERNATIONAL STANDARD BOOK NUMBER
ISBN 0256068259 :
040 ## - CATALOGING SOURCE
Transcribing agency DLC
082 00 - DEWEY DECIMAL CLASSIFICATION NUMBER
Classification number 658 IRW 1989 A049 Or.
100 1# - MAIN ENTRY--AUTHOR NAME
Personal name Champion, John M.
245 10 - TITLE STATEMENT
Title Critical incidents in management :
Remainder of title decision and policy issues /
250 ## - EDITION STATEMENT
Edition statement 6th ed.
260 ## - PUBLICATION, DISTRIBUTION, ETC. (IMPRINT)
Place of publication Homewood, Ill. :
Name of publisher Irwin,
Year of publication 1989.
300 ## - PHYSICAL DESCRIPTION
Number of Pages xviii, 365 p. ;
Dimensions 23 cm.
650 #0 - SUBJECT ADDED ENTRY--TOPICAL TERM
Topical Term Industrial management.
650 #0 - SUBJECT ADDED ENTRY--TOPICAL TERM
Topical Term Personnel management.
700 1# - ADDED ENTRY--PERSONAL NAME
Personal name James, John H.,
942 ## - ADDED ENTRY ELEMENTS (KOHA)
Koha item type សៀវភៅភាសាអង់គ្លេស
952 ## - LOCATION AND ITEM INFORMATION (KOHA)
Withdrawn status [LOCAL, KOHA] 0
Holdings
Permanent Location Date acquired Koha item type Lost status Shelving location Barcode Current Location Full call number
Library Block A2017-10-03សៀវភៅភាសាអង់គ្លេស A049A14242Library Block A658 IRW 1989 A049 Or.
មជ្ឈមណ្ឌលឯការនៃសាកលវិទ្យាល័យភូមិន្ទកសិកម្មចំការដូង

Powered by Koha